Dopady členství v Evropské unii na konkurenceschopnost českých podniků

Analýza možných dopadov členstva v Európskej únii na konkurencieschopnosť českých podnikov. Hodnotenie konkurencieschopnosti malých a stredných podnikov s ohľadom na vstup ČR do EÚ.

Guardado en:
Detalles Bibliográficos
Autor principal: Sedláčková, Helena
Formato: Capítulo de libro
Lenguaje:checo
Materias:
Etiquetas: Agregar Etiqueta
Sin Etiquetas, Sea el primero en etiquetar este registro!

MARC

LEADER 00000naa$a2200000$$$4500
001 0014497
005 20221207104944.7
041 0 |a cze 
044 |a SK 
245 1 0 |a Dopady členství v Evropské unii na konkurenceschopnost českých podniků  |c aut. Helena Sedláčková 
520 |a Analýza možných dopadov členstva v Európskej únii na konkurencieschopnosť českých podnikov. Hodnotenie konkurencieschopnosti malých a stredných podnikov s ohľadom na vstup ČR do EÚ. 
610 2 0 |a podnik malý 
610 2 0 |a podnik stredný 
610 2 0 |a trh spoločný 
610 2 0 |a konkurencieschopnosť 
610 2 0 |a Česko 
610 2 0 |a Európska únia 
100 1 |a Sedláčková, Helena